| 000 | 00432pab a2200169 454500 | ||
|---|---|---|---|
| 008 | 180718b2000 xxu||||| |||| 00| 0 eng d | ||
| 100 | _aVernal, Louis | ||
| 245 | _aHigher education in India: access and importance | ||
| 260 | _c2000 | ||
| 300 | _ap.1-2, 7 | ||
| 362 | _a8 May | ||
| 650 | _aEducation - India | ||
| 650 | _aHigher education - India | ||
| 650 | _aHigher education | ||
| 773 | _aUniversity News | ||
| 909 | _a44639 | ||
| 999 |
_c44639 _d44639 |
||